00419cam a2200121 450000500170000000800410001705000190005810000320007724500790010926000430018830000210023165000450025220220425085019.0220407b mx ||||| |||| 00| 0 spa d04aKGF2579 bA38 1 aAguilar C., Humbertoeautor10aApuntes de derecho procesal civil b: segundo cursoc/ Humberto Aguilar C. aMorelia, Michoacán, México : cs/f a155 p. :c32 cm. 72lembaDerecho procesal civil zMéxico